Score 0/7 Timer 03:00
0 Plays Today
Question Answer Wrong Answers
This author of 1984 and Animal Farm dies of tuberculosis at just 46 years of age.
1950
George Orwell
96.7%
James Joyce
0.7%
John Steinbeck
1.6%
Ernest Hemingway
0.8%
This man performs a prison escape at the Halvemaansteeg police station in Amsterdam.
1903
Harry Houdini
92%
David Merlini
1%
The Amazing Kreskin
2.3%
Hans Klok
4.6%
The USS Nautilus, the world's first operational _______-powered submarine, is launched.
1954
Nuclear
91.4%
Solar
3.6%
Diesel
3.7%
Alcohol
0.6%
This American filmmaker, known as the director of The Greatest Show on Earth, dies in Hollywood at the age of 77.
1959
Cecil B. DeMille
84%
Arthur Freed
3.5%
Sam Spiegel
8.2%
Jerome Hellman
3.1%
This Hall of Fame center for the Houston Rockets is born in Lagos, Nigeria.
1963
Hakeem Olajuwon
61.7%
Dikembe Mutombo
16.8%
Manute Bol
8%
Michael Olowokandi
12.2%
Anti-government demonstrations in this Albanian capital city lead to five deaths.
2011
Tirana
58.4%
Pristina
9.6%
Skopje
13.2%
Sofia
16.7%
Israel withdraws from the Gaza Strip ending a 3-week long war with _______.
2009
Hamas
41%
Lebanon
23%
Egypt
31.4%
Al-Qaeda
3%
Remove Ads.
Support Sporcle.
Get the best of Sporcle when you Go Orange. This ad-free experience offers more features, more stats, and more fun while also helping to support Sporcle. Thank you for becoming a member.

You're not logged in!

Compare scores with friends on all Sporcle quizzes.
OR
Log In

Show Comments

Extras

Top Quizzes Today


Score Distribution

Your Account Isn't Verified!

In order to create a playlist on Sporcle, you need to verify the email address you used during registration. Go to your Sporcle Settings to finish the process.

Report this User

Report this user for behavior that violates our Community Guidelines.

Details: